000 00498nam a2200193Ia 4500
003 GCL
008 140319s9999 xx 000 0 ara d
040 _aGCL /
_cGCL
082 0 4 _a391.4
_bم ت
100 1 _aمحى الدين اللباد
245 1 0 _aتى - شيرت /
_cمحى الدين اللباد
300 _a32 ص
490 _a
650 0 4 _aالملابس
650 0 4 _aالازياء
650 0 4 _aتى شيرت
650 0 4 _aالملابس الرياضية
942 _2ddc
_cBK
999 _c40932
_d40932